000
00353nam a2200133Ia 4500
008
231129s1976||||xx |||||||||||||| ||spa||
020
_a
84-02-04703-3
082
_a
HAJ- 0144
100
_a
Wendt Herbert
245
0
_a
Del mono al hombre
260
_c
1976
264
_a
Barcelona: Bruguera 1976
942
_2
ddc
_c
BKS
999
_c
8899
_d
8899